| 000 | 00568nam a2200145Ia 4500 | ||
|---|---|---|---|
| 008 | 170221s9999 xx 000 0 und d | ||
| 100 | _aZainol Bidin | ||
| 245 | _aDeterminants of Attitude toward Proposed Good and Services Tax among Business Communities in Malaysia | ||
| 245 | _cZainol Bidin, Munusamy Marimuthu, Chek Derashid, Kamil Md Idris, Norsiah Ahmad | ||
| 260 | _bInternational Review of Management and Marketing | ||
| 260 | _cFebruary 2015 | ||
| 300 | _a4:1 | ||
| 650 | _xMarketing. | ||
| 856 | _uhttp://www.econjournals.com/index.php/irmm/issue/view/97 | ||
| 999 |
_c310074 _d310074 |
||